书目信息 |
| 书名: | An Introduction to subject indexing | |
| 作者: | D W LANGRIDGE,J MILLS. | |
| 分册号: | ||
| 分册名: | 出版地: | LONDON : |
|
| 出版社: | CLIVE BINGLEY | |
| 出版时间: | c1982. | |
| 页数: | ||
| 开本: | 20cm. | |
| 丛书名: | ||
| 中图分类号: | ||
| 科图分类号: | ||
| 其他分类号: | G254.2 | |
| 主题词: | ||
| 电子资源: | ||
| 000 | 00443nam 2200169 a 4500 | |
| 001 | E0733176031 | |
| 005 | 20070426091854.01 | |
| 008 | 070426s1982 00010 eng | |
| 020 | @a0-85157-331-2. | |
| 040 | @aPFT@beng | |
| 090 | @aG254.2 | |
| 099 | @dG254.2@ex10 | |
| 242 | @a主题标引入门 | |
| 245 | 1 | @aAn Introduction to subject indexing / @cD W LANGRIDGE,J MILLS. |
| 250 | @a2nd ed. | |
| 260 | @aLONDON :@bCLIVE BINGLEY,@cc1982. | |
| 300 | @c20cm. | |
| An Introduction to subject indexing / / D W LANGRIDGE,J MILLS.-2nd ed.-LONDON : : CLIVE BINGLEY, , c1982. |
| 20cm. |
| ISBN 0-85157-331-2. |
| ● |
| 相关链接 |
|
|
|
|
正题名:An Introduction to subject indexing
索取号:G254.2/x10
 
预约/预借
| 序号 | 登录号 | 条形码 | 馆藏地/架位号 | 状态 | 备注 |
| 1 | 182528 | 001170404 | 第二样本阅览室/ [索取号:G254.2/x10] | 在馆 |